01009nmc a2200361 a 4500003000900000005001700009008004100026020001800067040001300085245002900098250001200127260003000139300001100169490003700180504005100217600001700268600003300285650003100318650001400349650002000363650001700383650001400400653002000414653002500434653002200459653002800481700002100509700003000530700002100560700003000581700001800611700001800629AR-BaBNM20251128210100.0159019s1998 ||||||||||||||000 | spa|| a950-701-488-8 cAR-BaBNM10aDebates constructivistas a1ª ed. aBuenos AiresbAiquec1998 a190 p. 0aPsicologia cognitiva y educacion aContiene referencias bibliograficas p. 169-19014aPiaget, Jean14aVigotsky, Liev Semiónovich 4aPSICOLOGIA DE LA EDUCACION 4aENSENANZA 4aROL DEL DOCENTE 4aCONOCIMIENTO 4aDIDACTICA aCONSTRUCTIVISMO aPSICOLOGIA COGNITIVA aPROCESO EDUCATIVO aINVESTIGACION EDUCATIVA1 aBaquero, Ricardo1 aCamilloni, Alicia R.W. de1 aCarretero, Mario1 aCastorina, José Antonio1 aLenzi, Alicia1 aLitwin, Edith